LEADER 00948nam0 22002651i 450 001 UON00008239 005 20231205101921.303 100 $a20020107d1986 |0itac50 ba 101 $atur 102 $aTR 105 $a|||| 1|||| 200 1 $aAmasya Tarihi$fAbdi-zade Huseyin Husameddin 205 $aAnkara : [s.n.]$b1986 210 $av.$a21 cm 215 $aposseduto v. I - Mukaddime 620 $aTR$dAnkara$3UONL000083 686 $aOTT IV A$cIMPERO OTTOMANO - STORIA - FONTI ORIENTALI$2A 700 1$aHUSAMEDDIN$bAbdi-zade Huseyin$3UONV006805$0638838 712 $as.e.$3UONV246307$4650 801 $aIT$bSOL$c20240220$gRICA 899 $aSIBA - SISTEMA BIBLIOTECARIO DI ATENEO$2UONSI 912 $aUON00008239 950 $aSIBA - SISTEMA BIBLIOTECARIO DI ATENEO$dSI OTT IV A 080 N $eSI SA 57653 5 080 N 996 $aAmasya Tarihi$91177274 997 $aUNIOR LEADER 01058nam0 22002411i 450 001 UON00210817 005 20231205103334.161 010 $a88-7052-139-5 100 $a20030730d1997 |0itac50 ba 101 $aita 102 $aIT 105 $a|||| ||||| 200 1 $aPercorsi e tramiti di cultura$eSaggi sulla civiltà letteraria tardoantica e bizantina con una giunta sulla tradizione degli studi classici$fAntonio Garzya. Napoli$eD'Auria, 1997. 420 p. ; 21 cm. 606 $aLetteratura bizantina$3UONC010625$2FI 606 $aLetteratura bizantina e letterature neolatine$3UONC043883$2FI 676 $a880$cLetteratura greca classica$v21 700 1$aGARZYA$bAntonio$3UONV057671$09777 801 $aIT$bSOL$c20251107$gRICA 899 $aSIBA - SISTEMA BIBLIOTECARIO DI ATENEO$2UONSI 912 $aUON00210817 950 $aSIBA - SISTEMA BIBLIOTECARIO DI ATENEO$dSI BIZANTINO C 0041 $eSI EO 29118 5 0041 996 $aPercorsi e tramiti di cultura$91002784 997 $aUNIOR